000 00696nam a2200289Ia 4500
005 20260324114005.0
008 008 260324s9999 xx 000 0 eng d
020 _a9781003253297
037 _aEBOOK
040 _aCRL
040 _beng
040 _cCRL
041 _2eng
041 _aeng
084 _qCRL
100 _aDavid Cayla
_91148985
245 4 _aThe Decline and Fall of Neoliberalism
245 0 _bRebuilding the Economy in an Age of Crises
260 _bTaylor and Francis
260 _c2023
365 _a
365 _b220
856 _uhttp://www.taylorfrancis.com/books/9781003253297
942 _cEBOOK
999 _c1738935
_d1738935